00000000nam##2200000za#4500
0019.662932
003CaOODSP
00520210615120815
007ta
008150407|2001||||xxc|||||     f|0| 0 fre|d
020 |a0-662-65877-9
040 |aCaOODSP|bfre
041 |aeng
041 |afre
043 |an-cn---
0861 |aT22-106/2001
1101 |aCanada. |bTransports Canada.
24510|aCréation d'un schéma d'orientation des transports pour la prochaine décennie et au delà : |bdéfinition des défis
260 |aOttawa - Ontario : |bTransports Canada |c2001.
300 |aTexte français, 16p. ; |c22 cm.
546 |aBilingue
563 |aCouverture souple
590 |a01-30|b2001-07-27
69107|aTransport urbain|2gcpds
69107|aTransport|2gcpds
7760#|tCréation d'un schéma d'orientation des transports pour la prochaine décennie et au-delà : |w(CaOODSP)9.639881
7760#|tCreating a transportation blueprint for the next decade and beyond : |w(CaOODSP)9.695759
791 |tCreating a transportation blueprint for the next decade and beyond : |eeng|w(CaOODSP)9.662931
986 |aTP13786